000 01017nam a2200229Ia 4500
001 L570-26235
003 IT-CnALBA
008 170116s9999||||xx |||||||||||||| ||und||
040 _aIT-CnALBA
_cIT-CnALBA
041 _aITALIANO
100 _aBOTTURI A.
245 0 _aLA SPECIE UMANA.
250 _a1a ed.
260 _aMILANO
_bVALLARDI FRANCESCO & ANTONIO EDIT.
_c1914 [1° Ed.:1914 - Ed.Ling.Originale: 1914]
300 _a156 p. (prefazione: 5)
500 _aI POPOLI NEGRI. I POPOLI ROSSI. I POPOLI BRUNI. BOSCIMANI. OTTENTOTTI. NANI. CAFRI. ZULU'. CONGO. TASMANIANI. PAPUD. PATAGONI. GUARANI. AZTECHI MAJA ETIOPI. SOMALI.
501 _aSocietà San Paolo EM - Piazza San Paolo, 14 - 12051 ALBA (CN) (non commercial uses only) ® Copyright 2017
520 _aI POPOLI NEGRI. I POPOLI ROSSI. I POPOLI BRUNI. BOSCIMANI. OTTENTOTTI. NANI. CAFRI. ZULU'. CONGO. TASMANIANI. PAPUD. PATAGONI. GUARANI. AZTECHI MAJA ETIOPI. SOMALI.
650 _aSCIENZE DELLA VITA
942 _cBK
957 _71
999 _a31022
_bSI
_g Copie: 1
_c285343
_d285343